00313nam a2200121Ia 4500008004100000020001800041041000800059082002100067100001900088245003800107260003700145300000900182230411s9999 xx 000 0 und d a81-8448-341-4 aeng aC/004/SEL/B06128 aSelvasekaran J aEssentials of Computer for Nurses bJaypee BrothersaNew Delhic2008 a276p